00375nam a2200133Ia 4500008004100000020002100041040002600062082001500088100004100103245003600144260004000180003000400220005001700224241206s9999||||xx |||||||||||||| ||und|| a9781405300643c0 bengcSSK Libraryerda a635.92/GRE a Pippa Greenwood & Andrew Halstead - 4aThe Royal Horticultural Society b Dorling Kindersley Limitedc©2003OSt20241206223236.0